Noëls populaires de France (Record no. 113594)

MARC details
000 -LEADER
campo de control de longitud fija 00515nam a2200169 4500
001 - NÚMERO DE CONTROL
campo de control 113594
003 - IDENTIFICADOR DE NÚMERO DE CONTROL
campo de control ES-MaACL
007 - CAMPO FIJO DE DESCRIPCIÓN FÍSICA--INFORMACIÓN GENERAL
campo de control de longitud fija t|
008 - DATOS DE LONGITUD FIJA--INFORMACIÓN GENERAL
campo de control de longitud fija 061121s1943 fr r ||||1| fre d
245 00 - MENCIÓN DEL TÍTULO
Título Noëls populaires de France
Resto del título : du XV au XIX siecle.
260 ## - PUBLICACIÓN, DISTRIBUCIÓN, ETC.
Lugar de publicación, distribución, etc. Paris :
Nombre del editor, distribuidor, etc. Editions d'Histoire et d'Art,
Fecha de publicación, distribución, etc. 1943.
300 ## - DESCRIPCIÓN FÍSICA
Extensión XI, 132 p. ;
Dimensiones 19 cm.
490 1# - MENCIÓN DE SERIE
Mención de serie Les cahiers de l'unite français
830 0# - PUNTO DE ACCESO ADICIONAL DE SERIE-TÍTULO UNIFORME
Título uniforme Les cahiers de l'unite français
9 (RLIN) 233202
852 ## - LOCALIZACIÓN
Ubicación ES-MaACL
Número de control de estantería E-717
Sublocalización o colección R.20515
Holdings
Estatus retirado Estado de pérdida Estado de daño No para préstamo Biblioteca de origen Biblioteca actual Ubicación en estantería Fecha de adquisición Fuente de adquisición Total de préstamos Signatura topográfica completa Código de barras Visto por última vez Precio de reemplazo Tipo de ítem Koha
        Biblioteca del Ateneo de Madrid Biblioteca del Ateneo de Madrid Depósito 2 17/01/2008     E-717 1118471 23/02/2023 23/02/2023 Libro impreso